[Event "Madrid ch 2009/10 Semifinal A"]
[Site "Madrid ESP"]
[Date "2010.01.19"]
[Round "5.6"]
[White "Salcedo Tornero, Pablo"]
[Black "Alvarez Abejon, Amilcar"]
[Result "0-1"]
[WhiteElo "2201"]
[BlackElo "2084"]
[PlyCount "110"]
[EventDate "2010.01.11"]
[EventType "swiss"]
[EventRounds "9"]
[EventCountry "ESP"]
[Source "lmi"]
[SourceDate "2010.01.11"]

1. e4 e6 2. d3 d5 3. Nd2 c5 4. Ngf3 Nc6 5. g3 g6 6. Bg2 Bg7 7. O-O Nge7 8. Re1
h6 9. c3 O-O 10. Qc2 e5 11. a4 b6 12. exd5 Nxd5 13. Nc4 Re8 14. Bd2 Ba6 15. Re2
e4 16. Rae1 Nf6 17. Nh4 exd3 18. Rxe8+ Nxe8 19. Qb3 Nd6 20. Bxc6 Bxc4 21. Qd1
Rc8 22. Bg2 Qd7 23. b3 Be6 24. c4 Nf5 25. Nxf5 Bxf5 26. Bd5 Re8 27. a5 Re7 28.
axb6 axb6 29. Qc1 Qe8 30. Rxe7 Qxe7 31. Qe1 Qxe1+ 32. Bxe1 Bb2 33. Bd2 Kg7 34.
Kf1 h5 35. Ke1 Kf6 36. b4 Be6 37. Bxe6 Kxe6 38. bxc5 bxc5 39. Be3 Bc3+ 40. Kd1
Bb4 41. f3 Kd6 42. Bf4+ Kc6 43. Bh6 Kb6 44. Bf8 Ka5 45. Be7 Ka4 46. Bxc5 Bxc5
47. Kd2 Kb4 48. Kxd3 Bg1 49. h3 Kc5 50. g4 f5 51. gxh5 gxh5 52. Kc3 Bd4+ 53.
Kd3 Be5 54. h4 Bd4 55. f4 Bf6 0-1

[Event "Madrid ch 2009/10 Semifinal A"]
[Site "Madrid ESP"]
[Date "2010.01.19"]
[Round "5.7"]
[White "Vazquez Gonzalez, Francisco"]
[Black "Pastor Alonso De Prado, Emilio A"]
[Result "0-1"]
[WhiteElo "2088"]
[BlackElo "2205"]
[PlyCount "90"]
[EventDate "2010.01.11"]
[EventType "swiss"]
[EventRounds "9"]
[EventCountry "ESP"]
[Source "lmi"]
[SourceDate "2010.01.11"]

1. e4 e5 2. Nf3 Nc6 3. Bc4 Be7 4. d4 exd4 5. Nxd4 d6 6. O-O Nf6 7. Nc3 O-O 8.
h3 Nxd4 9. Qxd4 c6 10. Bf4 Ne8 11. Rad1 Be6 12. Bb3 Qc8 13. Qe3 Bxb3 14. axb3
a5 15. Na4 Ra6 16. Nb6 Qc7 17. Nc4 b5 18. Nd2 Bf6 19. c3 Be5 20. Nf3 a4 21. Ra1
Bxf4 22. Qxf4 d5 23. Qe5 dxe4 24. Qxe4 Nf6 25. Qf5 Rd8 26. bxa4 Rda8 27. Rfe1
Rxa4 28. Rxa4 bxa4 29. Qc5 Ra5 30. Qb4 h6 31. c4 c5 32. Qd2 Ra8 33. Qc2 Qd7 34.
Rd1 Qe6 35. Re1 Qd6 36. Ra1 Qf4 37. Ra3 Ra6 38. Rd3 Qb8 39. Qd1 Ra8 40. Qe2 Qb4
41. Ra3 Nd7 42. Re3 Nf8 43. Ne5 Ra6 44. Rg3 Re6 45. Qg4 Qe1+ 0-1

[Event "Madrid ch 2009/10 Semifinal A"]
[Site "Madrid ESP"]
[Date "2010.01.19"]
[Round "5.9"]
[White "Caceres Rodriguez, Jose J"]
[Black "Lorenzo Bailador, Alfredo"]
[Result "1/2-1/2"]
[WhiteElo "2010"]
[BlackElo "2078"]
[PlyCount "85"]
[EventDate "2010.01.11"]
[EventType "swiss"]
[EventRounds "9"]
[EventCountry "ESP"]
[Source "lmi"]
[SourceDate "2010.01.11"]

1. Nf3 d5 2. d4 Nf6 3. c4 e6 4. g3 Be7 5. Bg2 O-O 6. O-O dxc4 7. Qc2 a6 8. Qxc4
b5 9. Qc2 Bb7 10. Bg5 Nbd7 11. Bxf6 Nxf6 12. Nbd2 Rc8 13. Nb3 Be4 14. Qc1 Qd5
15. Rd1 Rfd8 16. Nbd2 c5 17. Nxe4 Nxe4 18. dxc5 Qxc5 19. Qxc5 Nxc5 20. Rxd8+
Rxd8 21. Rc1 g6 22. Ne5 Rd2 23. b4 Na4 24. Rc8+ Kg7 25. Rc7 Rxe2 26. Rxe7 Rxe5
27. Rc7 Re2 28. Bb7 Rxa2 29. Bxa6 Nc3 30. Bc8 Nd5 31. Rb7 Kf6 32. Bd7 Rb2 33.
Be8 Rxb4 34. Rxf7+ Ke5 35. Rxh7 Nf6 36. Rh8 Nxe8 37. Rxe8 Rb2 38. Kg2 b4 39.
Kf3 Rb3+ 40. Kg4 Kf6 41. Rb8 Rb2 42. f4 b3 43. h4 1/2-1/2

[Event "Madrid ch 2009/10 Semifinal A"]
[Site "Madrid ESP"]
[Date "2010.01.19"]
[Round "5.10"]
[White "Martin Rodriguez, Emilio"]
[Black "Canseco Arenas, Alfonso"]
[Result "0-1"]
[WhiteElo "2113"]
[BlackElo "1826"]
[PlyCount "92"]
[EventDate "2010.01.11"]
[EventType "swiss"]
[EventRounds "9"]
[EventCountry "ESP"]
[Source "lmi"]
[SourceDate "2010.01.11"]

1. d4 Nf6 2. c4 g6 3. Nc3 Bg7 4. e4 d6 5. f4 b6 6. Nf3 c5 7. dxc5 dxc5 8. Qxd8+
Kxd8 9. Ng5 Ke8 10. e5 Nfd7 11. Nd5 Na6 12. e6 Nf6 13. Nxf7 Rf8 14. Ng5 h6 15.
Bd3 hxg5 16. Bxg6+ Kd8 17. f5 Nxd5 18. cxd5 Nb4 19. O-O Bd4+ 20. Kh1 Nxd5 21.
Bxg5 Bb7 22. Rab1 Ne3 23. Bxe3 Bxe3 24. Rfd1+ Bd4 25. Rbc1 Rc8 26. b4 Rc7 27.
bxc5 bxc5 28. h4 Kc8 29. Kh2 Be4 30. h5 Bg7 31. Rf1 c4 32. g4 Rd8 33. Kh3 Bh6
34. Rce1 Bd3 35. Rf3 Bg5 36. h6 Bxh6 37. Kh4 Rh8 38. g5 Bg7+ 39. Kg4 Bc3 40.
Ree3 Bd4 41. Re1 Rc5 42. Rf4 Bc3 43. Rd1 Be2+ 44. Kg3 Bxd1 45. Kf2 Be5 46. Re4
c3 0-1

[Event "Madrid ch 2009/10 Semifinal A"]
[Site "Madrid ESP"]
[Date "2010.01.19"]
[Round "5.11"]
[White "Fuentes Arjona, Antonio"]
[Black "Lopez Heras, Arturo"]
[Result "1/2-1/2"]
[WhiteElo "2041"]
[BlackElo "2005"]
[PlyCount "144"]
[EventDate "2010.01.11"]
[EventType "swiss"]
[EventRounds "9"]
[EventCountry "ESP"]
[Source "lmi"]
[SourceDate "2010.01.11"]

1. c4 Nf6 2. Nc3 d5 3. d4 g6 4. Nf3 Bg7 5. e3 O-O 6. Be2 c6 7. O-O Nbd7 8. b3
Re8 9. Bb2 b6 10. cxd5 cxd5 11. Bb5 Bb7 12. Ne5 a6 13. Bc6 Bxc6 14. Nxc6 Qc7
15. Nb4 e6 16. Rc1 Qb7 17. Qe2 Rec8 18. Nd3 Rc7 19. Rc2 Rac8 20. Rfc1 Bf8 21.
Na4 Ne4 22. f3 Nd6 23. Ba3 Nb5 24. Bxf8 Kxf8 25. Nb4 Rxc2 26. Rxc2 Rxc2 27.
Qxc2 a5 28. Nd3 Ke7 29. Kf2 Kd6 30. Nc3 Nxc3 31. Qxc3 Qc6 32. Qb2 b5 33. a3 f6
34. f4 Kc7 35. Qc1 Qxc1 36. Nxc1 Nb6 37. Nd3 a4 38. bxa4 Nxa4 39. Nb4 Nc3 40.
g4 Kb6 41. Ke1 Nb1 42. f5 gxf5 43. gxf5 exf5 44. Nxd5+ Kc6 45. Nxf6 Nxa3 46.
Ke2 h6 47. h4 b4 48. Kd3 b3 49. Kc3 b2 50. Kxb2 Nc4+ 51. Kc3 Nxe3 52. Ng8 h5
53. Kd3 Ng2 54. Ne7+ Kd7 55. Nxf5 Ke6 56. Ng7+ Kd5 57. Nf5 Ke6 58. Ke4 Kf6 59.
d5 Ne1 60. Nd4 Ke7 61. Nf3 Nc2 62. Nd4 Ne1 63. Nf5+ Kf6 64. Ne3 Ke7 65. Nf5+
Kf6 66. Nd4 Ke7 67. Nf5+ Kf6 68. d6 Ke6 69. Kf4 Nd3+ 70. Kg5 Ne5 71. Nd4+ Kxd6
72. Kxh5 Kd5 1/2-1/2

[Event "Madrid ch 2009/10 Semifinal A"]
[Site "Madrid ESP"]
[Date "2010.01.19"]
[Round "5.12"]
[White "Martin Martin, Luis Vicente"]
[Black "Tipter, Napoleon"]
[Result "0-1"]
[WhiteElo "2061"]
[BlackElo "2052"]
[PlyCount "94"]
[EventDate "2010.01.11"]
[EventType "swiss"]
[EventRounds "9"]
[EventCountry "ESP"]
[Source "lmi"]
[SourceDate "2010.01.11"]

1. e4 c5 2. Nf3 d6 3. d4 cxd4 4. Qxd4 a6 5. c4 Nc6 6. Qd2 Nf6 7. Nc3 g6 8. b3
Bg7 9. Bb2 Qa5 10. Rb1 Bg4 11. Be2 O-O 12. a3 Qb6 13. Qd1 e6 14. O-O Rad8 15.
Nd2 Bxe2 16. Qxe2 Rfe8 17. Qd3 Ne5 18. Qc2 Qc7 19. Rbc1 Bh6 20. f4 Neg4 21. Nd1
Qc5+ 22. Kh1 Bg7 23. Nf3 Ne3 24. b4 Qa7 25. Nxe3 Qxe3 26. Ng5 h6 27. Rce1 Qb6
28. Nf3 Rc8 29. Qe2 Qc6 30. Nd2 h5 31. Qd3 Red8 32. f5 e5 33. Qg3 Kh7 34. Qg5
Ng8 35. Rf3 Qe8 36. Bc1 Bh6 37. fxg6+ fxg6 38. Qg3 Qe6 39. Ref1 Rf8 40. Rxf8
Rxf8 41. Nf3 Qxc4 42. Qe1 Kg7 43. Bxh6+ Nxh6 44. Qc1 Rc8 45. Qd1 Ng4 46. Ng5
Ne3 47. Rf7+ Qxf7 0-1

[Event "Madrid ch 2009/10 Semifinal A"]
[Site "Madrid ESP"]
[Date "2010.01.20"]
[Round "6.1"]
[White "Vazquez Gonzalez, Jesus"]
[Black "Ballesteros Gonzalez, David"]
[Result "0-1"]
[WhiteElo "2050"]
[BlackElo "2227"]
[PlyCount "82"]
[EventDate "2010.01.11"]
[EventType "swiss"]
[EventRounds "9"]
[EventCountry "ESP"]
[Source "lmi"]
[SourceDate "2010.01.11"]

1. e4 g6 2. d4 d6 3. Nc3 c6 4. Bf4 Bg7 5. Qd2 Qb6 6. O-O-O Nf6 7. Na4 Qd8 8. e5
Nd5 9. exd6 Nxf4 10. dxe7 Qc7 11. g3 Nd5 12. h4 h5 13. f4 Nxe7 14. Be2 O-O 15.
g4 Bh6 16. Rf1 hxg4 17. Nc3 Nf5 18. Ne4 Qe7 19. Bd3 Ng7 20. Re1 Be6 21. Ng5 Qf6
22. Ne2 Nh5 23. Ne4 Qd8 24. Kb1 Nd7 25. c4 b5 26. cxb5 cxb5 27. Bxb5 Ndf6 28.
N4c3 Qa5 29. Ba4 Bf5+ 30. Ka1 Rab8 31. Qe3 Qb6 32. b3 Rbc8 33. Rhf1 Qa5 34. Qe5
Qxe5 35. dxe5 Ne4 36. Nd5 Rc2 37. Ne7+ Kh8 38. Nxf5 gxf5 39. Nd4 Rd2 40. Rd1
Rxd1+ 41. Rxd1 Rd8 0-1

[Event "Madrid ch 2009/10 Semifinal A"]
[Site "Madrid ESP"]
[Date "2010.01.20"]
[Round "6.2"]
[White "Rodriguez Yuste, Marcelo"]
[Black "Ciuro Muñoz, Ricardo"]
[Result "1/2-1/2"]
[WhiteElo "2227"]
[BlackElo "2138"]
[PlyCount "58"]
[EventDate "2010.01.11"]
[EventType "swiss"]
[EventRounds "9"]
[EventCountry "ESP"]
[Source "lmi"]
[SourceDate "2010.01.11"]

1. d4 Nf6 2. Nf3 g6 3. g3 Bg7 4. Bg2 O-O 5. O-O d5 6. c4 dxc4 7. Nbd2 c5 8.
dxc5 Qc7 9. Nxc4 Qxc5 10. Nfe5 Nfd7 11. Be3 Qb5 12. a4 Qa6 13. Nxd7 Bxd7 14.
Qb3 Bc6 15. Bxc6 Nxc6 16. Qb5 Qxb5 17. axb5 Nd4 18. Bxd4 Bxd4 19. Rfd1 Rfd8 20.
Rd3 Rac8 21. Rc1 Bb6 22. Rxd8+ Rxd8 23. Nxb6 axb6 24. Rc7 Rd5 25. Rxe7 Rxb5 26.
Rxb7 Rxb2 27. e4 b5 28. e5 b4 29. Kg2 Re2 1/2-1/2

[Event "Madrid ch 2009/10 Semifinal A"]
[Site "Madrid ESP"]
[Date "2010.01.20"]
[Round "6.3"]
[White "Cabañas Jimenez, Andres"]
[Black "Coleto Calderon, Jose Antonio"]
[Result "1-0"]
[WhiteElo "2174"]
[BlackElo "2114"]
[PlyCount "69"]
[EventDate "2010.01.11"]
[EventType "swiss"]
[EventRounds "9"]
[EventCountry "ESP"]
[Source "lmi"]
[SourceDate "2010.01.11"]

1. e4 c6 2. d4 d5 3. f3 dxe4 4. fxe4 e5 5. Nf3 Bg4 6. Bc4 Nd7 7. O-O Ngf6 8.
Qe1 Qc7 9. Nbd2 Bd6 10. c3 O-O 11. Qh4 Bh5 12. dxe5 Nxe5 13. Nxe5 Bxe5 14. Rxf6
Bxf6 15. Qxh5 Rad8 16. Qe2 Rfe8 17. Nf3 h6 18. Bd3 Qd6 19. Bc2 c5 20. Be3 b6
21. Re1 Re7 22. Bf2 Be5 23. Bh4 g5 24. Nxe5 Qxe5 25. Bg3 Qg7 26. Rd1 Rde8 27.
Qf3 Qg6 28. Rf1 h5 29. h4 g4 30. Qf2 Rd8 31. e5 Qg7 32. Qf5 Rd2 33. Bf4 Re2 34.
Qc8+ Qf8 35. Bh7+ 1-0

[Event "Madrid ch 2009/10 Semifinal A"]
[Site "Madrid ESP"]
[Date "2010.01.20"]
[Round "6.4"]
[White "Pastor Alonso De Prado, Emilio A"]
[Black "Alvarez Abejon, Amilcar"]
[Result "1-0"]
[WhiteElo "2205"]
[BlackElo "2084"]
[PlyCount "97"]
[EventDate "2010.01.11"]
[EventType "swiss"]
[EventRounds "9"]
[EventCountry "ESP"]
[Source "lmi"]
[SourceDate "2010.01.11"]

1. e4 e6 2. d4 d5 3. Nd2 c5 4. dxc5 Bxc5 5. Bd3 Nc6 6. Ngf3 Nf6 7. Qe2 O-O 8.
O-O Nb4 9. e5 Nxd3 10. cxd3 Nd7 11. Nb3 b6 12. Bg5 Qe8 13. d4 Be7 14. Rfc1 Bxg5
15. Nxg5 Qe7 16. f4 f6 17. exf6 Nxf6 18. f5 h6 19. Nxe6 Bxe6 20. Rc6 Ne4 21.
Rxe6 Qg5 22. Rf1 Rxf5 23. Rxf5 Qxf5 24. Re5 Qd7 25. Nd2 Nxd2 26. Qxd2 Re8 27.
Qe3 Rxe5 28. Qxe5 Qf7 29. h4 h5 30. b4 g6 31. Kh2 Kh7 32. Kg3 Qd7 33. Kf2 a5
34. bxa5 bxa5 35. Ke3 Qb5 36. Qe7+ Kh6 37. Qd8 Kh7 38. Qc7+ Kh6 39. Qc8 Kh7 40.
g3 Kg7 41. Kf4 Qf1+ 42. Ke5 Qf3 43. Qc7+ Kh6 44. Qc1+ Kg7 45. Qf4 Qg2 46. a4
Kh7 47. Kf6 Qe4 48. Qc7+ Kh6 49. Qg7# 1-0

[Event "Madrid ch 2009/10 Semifinal A"]
[Site "Madrid ESP"]
[Date "2010.01.20"]
[Round "6.6"]
[White "Lopez-Andujar Ocaña, Antonio"]
[Black "Perez Cameselle, Francisco"]
[Result "0-1"]
[WhiteElo "2083"]
[BlackElo "1944"]
[PlyCount "104"]
[EventDate "2010.01.11"]
[EventType "swiss"]
[EventRounds "9"]
[EventCountry "ESP"]
[Source "lmi"]
[SourceDate "2010.01.11"]

1. e4 e6 2. d4 d5 3. e5 c5 4. c3 Nc6 5. Nf3 Qb6 6. a3 cxd4 7. cxd4 Nge7 8. b4
Nf5 9. Bb2 Be7 10. Be2 O-O 11. O-O f6 12. b5 Nd8 13. Nc3 Nf7 14. Bd3 N7h6 15.
h3 fxe5 16. dxe5 Bd7 17. Na4 Qd8 18. Rc1 Rc8 19. Rxc8 Qxc8 20. Qe2 Qe8 21. Rc1
a6 22. Nc3 axb5 23. Nxb5 Qb8 24. Nbd4 Nxd4 25. Nxd4 Rc8 26. Rf1 Qa7 27. g4 Nf7
28. Kg2 Bc5 29. Nc2 Ba4 30. f4 Qb6 31. Ba1 Bc6 32. Kg3 Qb3 33. Kh2 Ra8 34. h4
Ra4 35. Nb4 Rxa3 36. Nxc6 Qxd3 37. Qxd3 Rxd3 38. Rc1 b6 39. f5 Nh6 40. fxe6
Nxg4+ 41. Kg2 Ne3+ 42. Kh3 h5 43. Rc3 Rxc3 44. Bxc3 g6 45. Kg3 Nf5+ 46. Kf4
Be3+ 47. Kf3 Bc1 48. Ke2 Kf8 49. Bb4+ Ke8 50. Kd3 Bf4 51. Be1 Ne7 52. Nxe7 Kxe7
0-1

[Event "Madrid ch 2009/10 Semifinal A"]
[Site "Madrid ESP"]
[Date "2010.01.20"]
[Round "6.7"]
[White "Lopez De Turiso Sanchez, Jose A"]
[Black "Salcedo Tornero, Pablo"]
[Result "1/2-1/2"]
[WhiteElo "2106"]
[BlackElo "2201"]
[PlyCount "86"]
[EventDate "2010.01.11"]
[EventType "swiss"]
[EventRounds "9"]
[EventCountry "ESP"]
[Source "lmi"]
[SourceDate "2010.01.11"]

1. e4 d6 2. d4 Nf6 3. Nc3 g6 4. Be2 Bg7 5. Nf3 O-O 6. O-O Nc6 7. h3 e5 8. dxe5
dxe5 9. Qxd8 Rxd8 10. Bg5 Be6 11. Rfd1 a6 12. Bxf6 Bxf6 13. Nd5 Bxd5 14. exd5
Nb4 15. c4 e4 16. Ne1 Bxb2 17. Rab1 Bc3 18. Rb3 Bxe1 19. Rxe1 a5 20. a3 Nc2 21.
Rd1 c5 22. Rd2 Nd4 23. Rxb7 Rdb8 24. Rc7 Rb1+ 25. Kh2 Nb3 26. Rd1 Rb2 27. Bf1
Rxf2 28. d6 Rd8 29. d7 Kf8 30. Kg1 Rd2 31. Rxd2 Nxd2 32. Rxc5 a4 33. Rd5 Nxf1
34. Kxf1 Ke7 35. Re5+ Kxd7 36. Rxe4 Rb8 37. c5 Kc6 38. Rxa4 Kxc5 39. Ra7 Rf8
40. Kf2 Kb6 41. Re7 Kc5 42. Kf3 Kd6 43. Ra7 Ke6 1/2-1/2

[Event "Madrid ch 2009/10 Semifinal A"]
[Site "Madrid ESP"]
[Date "2010.01.20"]
[Round "6.8"]
[White "Caceres Rodriguez, Jose J"]
[Black "Vazquez Gonzalez, Francisco"]
[Result "1-0"]
[WhiteElo "2010"]
[BlackElo "2088"]
[PlyCount "75"]
[EventDate "2010.01.11"]
[EventType "swiss"]
[EventRounds "9"]
[EventCountry "ESP"]
[Source "lmi"]
[SourceDate "2010.01.11"]

1. Nf3 f5 2. c4 Nf6 3. g3 d6 4. d4 g6 5. Bg2 Bg7 6. O-O O-O 7. Nc3 Nc6 8. d5
Ne5 9. Qb3 a6 10. Nd4 h6 11. f4 Nf7 12. Ne6 Bxe6 13. dxe6 Nh8 14. Qxb7 Rb8 15.
Qxa6 Ng4 16. e3 Rb6 17. Qa5 Qb8 18. Nd5 Rxb2 19. Bxb2 Qxb2 20. Rab1 Qe2 21.
Rbe1 Qxc4 22. h3 Nf6 23. Qxc7 Qxa2 24. Nxe7+ Kh7 25. Qxd6 Re8 26. Nd5 Nh5 27.
g4 fxg4 28. hxg4 Nf6 29. g5 hxg5 30. fxg5 Nh5 31. Qd7 Rb8 32. Nf6+ Nxf6 33.
gxf6 Kh6 34. Rf2 Qa5 35. Qxg7+ Kg5 36. Ref1 Rb5 37. Qxh8 Qc3 38. Qh3 1-0

[Event "Madrid ch 2009/10 Semifinal A"]
[Site "Madrid ESP"]
[Date "2010.01.20"]
[Round "6.9"]
[White "Tipter, Napoleon"]
[Black "Canseco Arenas, Alfonso"]
[Result "1-0"]
[WhiteElo "2052"]
[BlackElo "1826"]
[PlyCount "71"]
[EventDate "2010.01.11"]
[EventType "swiss"]
[EventRounds "9"]
[EventCountry "ESP"]
[Source "lmi"]
[SourceDate "2010.01.11"]

1. e4 d6 2. d4 Nf6 3. Nc3 g6 4. f3 Bg7 5. Be3 a6 6. a4 Nbd7 7. Qd2 O-O 8. g4 e5
9. d5 Nc5 10. b4 Ncd7 11. Nge2 a5 12. b5 Nb6 13. Ng3 c6 14. bxc6 bxc6 15. Rb1
c5 16. h4 Ba6 17. Bh6 Bxf1 18. Kxf1 Rb8 19. Bxg7 Kxg7 20. h5 Nc4 21. Qc1 Rxb1
22. Nxb1 Qb6 23. Nc3 Qb2 24. Nf5+ Kh8 25. Qxb2 Nxb2 26. Nxd6 Nd7 27. Ke2 Kg7
28. g5 Rb8 29. hxg6 hxg6 30. Rb1 Nxa4 31. Rxb8 Nxc3+ 32. Kd3 Nxb8 33. Kxc3 a4
34. Kb2 f6 35. Ne8+ Kf7 36. Nxf6 1-0

[Event "Madrid ch 2009/10 Semifinal A"]
[Site "Madrid ESP"]
[Date "2010.01.20"]
[Round "6.10"]
[White "Lorenzo Bailador, Alfredo"]
[Black "Fuentes Arjona, Antonio"]
[Result "1/2-1/2"]
[WhiteElo "2078"]
[BlackElo "2041"]
[PlyCount "106"]
[EventDate "2010.01.11"]
[EventType "swiss"]
[EventRounds "9"]
[EventCountry "ESP"]
[Source "lmi"]
[SourceDate "2010.01.11"]

1. e4 e6 2. d4 a6 3. Nf3 b5 4. Bd3 Bb7 5. O-O c5 6. c3 Nf6 7. Qe2 Qc7 8. h3 Be7
9. Be3 Bxe4 10. dxc5 Bxd3 11. Qxd3 Bxc5 12. Bg5 Be7 13. a4 bxa4 14. Rxa4 d5 15.
Nbd2 Qc6 16. Rfa1 O-O 17. Nd4 Qb7 18. Bf4 Nbd7 19. b4 e5 20. Nf5 Nb6 21. Nxe7+
Qxe7 22. Bg5 Nxa4 23. Rxa4 Qe6 24. Bxf6 gxf6 25. Nb3 Rfd8 26. Nc5 Qc6 27. Rxa6
Rxa6 28. Nxa6 Qc4 29. Qg3+ Kh8 30. Nc5 Ra8 31. Nd7 Ra6 32. Qf3 Qf4 33. Qxf4
exf4 34. Kf1 Kg7 35. Ke2 Ra2+ 36. Ke1 Rc2 37. Nb6 Rxc3 38. Nxd5 Rd3 39. Nxf4
Rd4 40. g3 Rxb4 41. Ke2 Rb3 42. Nd5 Kg6 43. Ne3 f5 44. Nd5 Ra3 45. Kf1 f6 46.
Ne7+ Kg5 47. Nd5 Ra5 48. Nf4 h5 49. h4+ Kg4 50. Kg2 Ra2 51. Nd5 f4 52. Nxf6+
Kf5 53. Nxh5 fxg3 1/2-1/2

[Event "Madrid ch 2009/10 Semifinal A"]
[Site "Madrid ESP"]
[Date "2010.01.20"]
[Round "6.11"]
[White "Lopez Heras, Arturo"]
[Black "Martin Rodriguez, Emilio"]
[Result "1-0"]
[WhiteElo "2005"]
[BlackElo "2113"]
[PlyCount "97"]
[EventDate "2010.01.11"]
[EventType "swiss"]
[EventRounds "9"]
[EventCountry "ESP"]
[Source "lmi"]
[SourceDate "2010.01.11"]

1. e4 e6 2. d4 d5 3. e5 c5 4. Nf3 cxd4 5. Bd3 Nc6 6. O-O Bd7 7. Nbd2 Nb4 8.
Nxd4 Nxd3 9. cxd3 Qb6 10. N2b3 Ba4 11. Be3 Qc7 12. Qg4 Bxb3 13. axb3 Qxe5 14.
Nb5 d4 15. Nxd4 Nf6 16. Qh4 Be7 17. Nf3 Qd5 18. Qa4+ b5 19. Qa6 O-O 20. Nd4
Rfb8 21. Nc6 Re8 22. Qb7 Bd6 23. Rfc1 Ng4 24. Bf4 e5 25. Ne7+ Bxe7 26. Qxd5
exf4 27. Rc7 Nf6 28. Qb7 Bf8 29. Qxb5 Bd6 30. Rb7 a5 31. Kf1 f3 32. gxf3 Bb4
33. Qc4 Rf8 34. d4 Rac8 35. Rc7 Rcd8 36. Rd1 Nd5 37. Rb7 Rd6 38. Qb5 Rdd8 39.
Rd7 Nf6 40. Rxd8 Rxd8 41. d5 h6 42. d6 Rd7 43. Qc6 g5 44. Ke2 Kg7 45. Ke3 Kg6
46. f4 g4 47. f3 h5 48. fxg4 hxg4 49. Qb5 1-0

[Event "Madrid ch 2009/10 Semifinal A"]
[Site "Madrid ESP"]
[Date "2010.01.25"]
[Round "7.1"]
[White "Ballesteros Gonzalez, David"]
[Black "Rodriguez Yuste, Marcelo"]
[Result "0-1"]
[WhiteElo "2227"]
[BlackElo "2227"]
[PlyCount "42"]
[EventDate "2010.01.11"]
[EventType "swiss"]
[EventRounds "9"]
[EventCountry "ESP"]
[Source "lmi"]
[SourceDate "2010.01.11"]

1. d4 d5 2. Nf3 e6 3. c4 c6 4. Nbd2 f5 5. Ne5 Nd7 6. cxd5 Nxe5 7. dxe5 cxd5 8.
g4 fxg4 9. e4 Nh6 10. h3 Bc5 11. Bb5+ Bd7 12. Bxd7+ Qxd7 13. hxg4 O-O 14. Rh2
dxe4 15. g5 e3 16. gxh6 exf2+ 17. Kf1 Qd3+ 18. Qe2 Qg3 19. Rg2 Qh3 20. Qg4 Qh1+
21. Ke2 f1=Q+ 0-1

[Event "Madrid ch 2009/10 Semifinal A"]
[Site "Madrid ESP"]
[Date "2010.01.25"]
[Round "7.2"]
[White "Pastor Alonso De Prado, Emilio A"]
[Black "Cabañas Jimenez, Andres"]
[Result "1-0"]
[WhiteElo "2205"]
[BlackElo "2174"]
[PlyCount "97"]
[EventDate "2010.01.11"]
[EventType "swiss"]
[EventRounds "9"]
[EventCountry "ESP"]
[Source "lmi"]
[SourceDate "2010.01.11"]

1. e4 c5 2. Nf3 e6 3. c3 Nf6 4. e5 Nd5 5. d4 cxd4 6. Qxd4 Nc6 7. Qe4 d6 8. Be2
Qc7 9. exd6 Bxd6 10. O-O Bd7 11. Nbd2 f5 12. Qc2 O-O-O 13. Nc4 Be7 14. Bg5 Bf6
15. Rad1 h6 16. Bxf6 gxf6 17. Nd4 Rhg8 18. Nxf5 Qf4 19. Ng3 Qh4 20. Nd6+ Kc7
21. Nb5+ Kb8 22. Nd4 f5 23. Ndxf5 exf5 24. Rxd5 f4 25. Ne4 Rxg2+ 26. Kxg2 Bh3+
27. Kh1 Rxd5 28. Rd1 Rf5 29. Qd3 a6 30. Rg1 Rf7 31. Qd6+ Kc8 32. Bxa6 Nd8 33.
Bc4 f3 34. Bxf7 Bg2+ 35. Rxg2 fxg2+ 36. Kg1 Qxe4 37. Bd5 Qb1+ 38. Kxg2 Qxb2 39.
Qxh6 Qb5 40. Qh3+ Kb8 41. Qg3+ Ka7 42. Qe3+ Ka8 43. c4 Qa5 44. Qe8 Ka7 45. a4
Qc7 46. Qe3+ Ka8 47. h4 Qd7 48. a5 Nc6 49. a6 1-0

[Event "Madrid ch 2009/10 Semifinal A"]
[Site "Madrid ESP"]
[Date "2010.01.25"]
[Round "7.3"]
[White "Ciuro Muñoz, Ricardo"]
[Black "Rodriguez De Castro, Ayar"]
[Result "1/2-1/2"]
[WhiteElo "2138"]
[BlackElo "2113"]
[PlyCount "76"]
[EventDate "2010.01.11"]
[EventType "swiss"]
[EventRounds "9"]
[EventCountry "ESP"]
[Source "lmi"]
[SourceDate "2010.01.11"]

1. e4 e6 2. d3 d5 3. Nd2 Nf6 4. Ngf3 b6 5. g3 dxe4 6. dxe4 Bb7 7. Bd3 Nbd7 8.
Qe2 Nc5 9. O-O Nxd3 10. cxd3 c5 11. d4 cxd4 12. Qb5+ Qd7 13. Qxd7+ Nxd7 14.
Nxd4 Bb4 15. Nb5 O-O 16. f3 Rfc8 17. Rd1 Ne5 18. Kg2 Rd8 19. a3 Bc5 20. b4 Be3
21. Bb2 Nd3 22. Nf1 Nxb2 23. Rxd8+ Rxd8 24. Nxe3 Rd2+ 25. Kg1 a6 26. Nc3 Rd3
27. Ncd1 Kf8 28. Nxb2 Rxe3 29. Kf2 Rc3 30. Na4 Rc6 31. Rd1 Ke7 32. h4 Bc8 33.
Rd3 Bd7 34. Ke3 e5 35. Nc3 Be6 36. Nd5+ Bxd5 37. Rxd5 Rc3+ 38. Rd3 Rc1 1/2-1/2

[Event "Madrid ch 2009/10 Semifinal A"]
[Site "Madrid ESP"]
[Date "2010.01.25"]
[Round "7.4"]
[White "Coleto Calderon, Jose Antonio"]
[Black "Vazquez Gonzalez, Jesus"]
[Result "1/2-1/2"]
[WhiteElo "2114"]
[BlackElo "2050"]
[PlyCount "100"]
[EventDate "2010.01.11"]
[EventType "swiss"]
[EventRounds "9"]
[EventCountry "ESP"]
[Source "lmi"]
[SourceDate "2010.01.11"]

1. e4 c5 2. Nf3 g6 3. Bc4 Bg7 4. O-O Nc6 5. a4 d6 6. c3 Nf6 7. Re1 Bg4 8. h3
Bxf3 9. Qxf3 O-O 10. d3 Ne5 11. Qe2 Nxc4 12. dxc4 Nd7 13. Nd2 e5 14. Nf1 f5 15.
exf5 gxf5 16. f4 Qh4 17. Qf2 Qxf2+ 18. Kxf2 Rae8 19. Ng3 Bh6 20. fxe5 f4 21.
Ne4 Nxe5 22. Kf1 Bg7 23. Nxd6 Re7 24. Bd2 Rd7 25. Ne4 Nxc4 26. Re2 f3 27. gxf3
Rxf3+ 28. Kg2 Rdd3 29. Rh1 Nxd2 30. Rxd2 Rg3+ 31. Kf2 Rdf3+ 32. Ke1 Re3+ 33.
Re2 Rxe2+ 34. Kxe2 Rg2+ 35. Nf2 Bh6 36. Rd1 Rg6 37. Rd7 Rb6 38. Nd1 Bc1 39. a5
Rb3 40. a6 bxa6 41. Rxa7 Bxb2 42. Kd3 Rb6 43. Nxb2 Rxb2 44. Rxa6 Rg2 45. Re6
Kf7 46. Rh6 Kg7 47. Rh5 Kg6 48. Rxc5 Rg3+ 49. Ke4 Rxh3 50. Kf4 Rh4+ 1/2-1/2

[Event "Madrid ch 2009/10 Semifinal A"]
[Site "Madrid ESP"]
[Date "2010.01.25"]
[Round "7.5"]
[White "Alvarez Abejon, Amilcar"]
[Black "Perez Cameselle, Francisco"]
[Result "1/2-1/2"]
[WhiteElo "2084"]
[BlackElo "1944"]
[PlyCount "80"]
[EventDate "2010.01.11"]
[EventType "swiss"]
[EventRounds "9"]
[EventCountry "ESP"]
[Source "lmi"]
[SourceDate "2010.01.11"]

1. e4 e6 2. d4 d5 3. Nd2 dxe4 4. Nxe4 Nd7 5. Nf3 Ngf6 6. Nxf6+ Nxf6 7. c3 c5 8.
Ne5 cxd4 9. Bb5+ Bd7 10. Nxd7 Nxd7 11. Qxd4 a6 12. Ba4 b5 13. Bc2 Qf6 14. Qe4
Qe5 15. Bf4 Qxe4+ 16. Bxe4 O-O-O 17. O-O-O Bc5 18. Bg3 Nf6 19. Bf3 h5 20. h4
Ng4 21. Bxg4 hxg4 22. Rhe1 Rxd1+ 23. Kxd1 Be7 24. Re4 Bxh4 25. Rxg4 Bxg3 26.
Rxg3 g6 27. Kc2 Kd7 28. Rg4 Rh5 29. Kb3 Rf5 30. f3 Kc6 31. Kb4 Kb6 32. Rd4 a5+
33. Kb3 Kc5 34. a4 Rd5 35. Rf4 Rd7 36. axb5 Kxb5 37. c4+ Kc5 38. Kc3 a4 39. g3
Rb7 40. g4 f5 1/2-1/2

[Event "Madrid ch 2009/10 Semifinal A"]
[Site "Madrid ESP"]
[Date "2010.01.25"]
[Round "7.6"]
[White "Lopez De Turiso Sanchez, Jose A"]
[Black "Caceres Rodriguez, Jose J"]
[Result "1-0"]
[WhiteElo "2106"]
[BlackElo "2010"]
[PlyCount "37"]
[EventDate "2010.01.11"]
[EventType "swiss"]
[EventRounds "9"]
[EventCountry "ESP"]
[Source "lmi"]
[SourceDate "2010.01.11"]

1. Nf3 d5 2. c4 c6 3. cxd5 cxd5 4. d4 Nc6 5. Bf4 Nf6 6. Nc3 Ne4 7. e3 Nxc3 8.
bxc3 g6 9. Bd3 Bg7 10. Rb1 O-O 11. c4 Qa5+ 12. Qd2 dxc4 13. Bxc4 Qxd2+ 14. Kxd2
Rd8 15. Ng5 e6 16. Bc7 Rd7 17. Nxe6 Re7 18. Nxg7 Bd7 19. Bd6 1-0